Japanese analyses of the causes of defeat. (Record no. 89998)
[ view plain ]
| 000 -LEADER | |
|---|---|
| fixed length control field | 01014cam a22002771 4500 |
| 001 - CONTROL NUMBER | |
| control field | sd 49000177 |
| 003 - CONTROL NUMBER IDENTIFIER | |
| control field | DLC |
| 005 - DATE AND TIME OF LATEST TRANSACTION | |
| control field | 20260227112735.0 |
| 007 - PHYSICAL DESCRIPTION FIXED FIELD--GENERAL INFORMATION | |
| fixed length control field | cr|||| |
| 008 - FIXED-LENGTH DATA ELEMENTS--GENERAL INFORMATION | |
| fixed length control field | 821029s1945 dcu 000 0 eng |
| 010 ## - LIBRARY OF CONGRESS CONTROL NUMBER | |
| LC control number | sd 49000177 |
| 040 ## - CATALOGING SOURCE | |
| Original cataloging agency | DLC |
| Transcribing agency | DLC |
| Modifying agency | DLC |
| 043 ## - GEOGRAPHIC AREA CODE | |
| Geographic area code | a-ja--- |
| 050 00 - LIBRARY OF CONGRESS CALL NUMBER | |
| Classification number | UB250 |
| Item number | .U33 no. 3251 |
| 110 1# - MAIN ENTRY--CORPORATE NAME | |
| Corporate name or jurisdiction name as entry element | United States. |
| Subordinate unit | Office of Strategic Services. |
| -- | Research and Analysis Branch. |
| 245 10 - TITLE STATEMENT | |
| Title | Japanese analyses of the causes of defeat. |
| 260 ## - PUBLICATION, DISTRIBUTION, ETC. | |
| Place of publication, distribution, etc. | [Washington] |
| Date of publication, distribution, etc. | 1945. |
| 300 ## - PHYSICAL DESCRIPTION | |
| Extent | 6 l. |
| Dimensions | 27 cm. |
| 490 1# - SERIES STATEMENT | |
| Series statement | R & A ; no. 3251 |
| 530 ## - ADDITIONAL PHYSICAL FORM AVAILABLE NOTE | |
| Additional physical form available note | Also available in digital form on the Library of Congress Web site. |
| 650 #0 - SUBJECT ADDED ENTRY--TOPICAL TERM | |
| Topical term or geographic name entry element | World War, 1939-1945 |
| Geographic subdivision | Japan. |
| 650 #0 - SUBJECT ADDED ENTRY--TOPICAL TERM | |
| Topical term or geographic name entry element | World War, 1939-1945 |
| General subdivision | Public opinion |
| Geographic subdivision | Japan. |
| 810 1# - SERIES ADDED ENTRY--CORPORATE NAME | |
| Corporate name or jurisdiction name as entry element | United States. |
| Subordinate unit | Department of State. |
| -- | Office of Intelligence Research. |
| Title of a work | R & A ; |
| Volume/sequential designation | no. 3251. |
| 856 41 - ELECTRONIC LOCATION AND ACCESS | |
| Materials specified | |
| Uniform Resource Identifier | <a href="http://hdl.loc.gov/loc.gdc/scd0001.20010126001ja.1">http://hdl.loc.gov/loc.gdc/scd0001.20010126001ja.1</a> |
| 856 41 - ELECTRONIC LOCATION AND ACCESS | |
| Materials specified | Page view |
| Uniform Resource Identifier | <a href="http://hdl.loc.gov/loc.gdc/scd0001.20010126001ja.2">http://hdl.loc.gov/loc.gdc/scd0001.20010126001ja.2</a> |
No items available.